|
|
|
|
| LEADER |
00000nam0a2200000 4500 |
| 001 |
105087 |
| 005 |
20231101214604.0 |
| 010 |
|
|
|a 5981181524
|
| 035 |
|
|
|a (RuTPU)RU\TPU\book\113344
|
| 090 |
|
|
|a 105087
|
| 100 |
|
|
|a 20061113d2006 m y0rusy50 ca
|
| 101 |
0 |
|
|a rus
|
| 102 |
|
|
|a RU
|
| 105 |
|
|
|a y j 001zy
|
| 200 |
1 |
|
|a Налоги и налогообложение
|e учебник
|f С. В. Барулин, О. С. Кириллова, Т. В. Муравлева
|
| 210 |
|
|
|a Москва
|c Экономист
|d 2006
|
| 215 |
|
|
|a 398 с.
|
| 225 |
1 |
|
|a Homo faber
|
| 320 |
|
|
|a Библиогр.: с. 398.
|
| 320 |
|
|
|a Глоссарий: с. 385-397.
|
| 330 |
|
|
|a В первом разделе учебника дан анализ содержания налогов как цены услуг государства и объективной финансовой категории, раскрыта сущность налогового бремени и роль налогов в современной рыночной экономике, а также основы организации налогообложения и управления налоговыми отношениями. Во втором разделе изложен порядок взимания по элементам налогообложения всех действующих в Российской Федерации налогов и сборов. Для студентов, аспирантов и преподавателей экономических специальностей вузов, а также всех интересующихся проблемами налогообложения.
|
| 606 |
1 |
|
|a Налоги
|2 stltpush
|3 (RuTPU)RU\TPU\subj\36467
|9 57834
|
| 610 |
1 |
|
|a экономика
|
| 610 |
1 |
|
|a финансы
|
| 610 |
1 |
|
|a доходы
|
| 610 |
1 |
|
|a налоги
|
| 610 |
1 |
|
|a налогообложение
|
| 610 |
1 |
|
|a налоговая система
|
| 610 |
1 |
|
|a теория
|
| 610 |
1 |
|
|a функции
|
| 610 |
1 |
|
|a классификация
|
| 610 |
1 |
|
|a налоговые обязательства
|
| 610 |
1 |
|
|a налоговые правонарушения
|
| 610 |
1 |
|
|a налоговые преступления
|
| 610 |
1 |
|
|a федеральные налоги
|
| 610 |
1 |
|
|a акцизы
|
| 610 |
1 |
|
|a налог на прибыль
|
| 610 |
1 |
|
|a единый социальный налог
|
| 610 |
1 |
|
|a налог на добавленную стоимость
|
| 610 |
1 |
|
|a налог на добычу полезных ископаемых
|
| 610 |
1 |
|
|a водный налог
|
| 610 |
1 |
|
|a государственные пошлины
|
| 610 |
1 |
|
|a таможенная пошлина
|
| 610 |
1 |
|
|a региональные налоги
|
| 610 |
1 |
|
|a местные налоги
|
| 610 |
1 |
|
|a налог на имущество
|
| 610 |
1 |
|
|a налог на имущество организаций
|
| 610 |
1 |
|
|a налог на недвижимость
|
| 610 |
1 |
|
|a транспортный налог
|
| 610 |
1 |
|
|a земельный налог
|
| 610 |
1 |
|
|a физические лица
|
| 610 |
1 |
|
|a налог на доходы физических лиц
|
| 610 |
1 |
|
|a специальные налоговые режимы
|
| 610 |
1 |
|
|a упрощенная система
|
| 610 |
1 |
|
|a единый сельскохозяйственный налог
|
| 610 |
1 |
|
|a учебники
|
| 610 |
1 |
|
|a типология
|
| 686 |
|
|
|a У9(2)261.4я73
|v LBC/SL-A
|2 rubbk
|
| 700 |
|
1 |
|a Барулин
|b С. В.
|g Сергей Владимирович
|
| 701 |
|
1 |
|a Кириллова
|b О. С.
|g Ольга Святославовна
|
| 701 |
|
1 |
|a Муравлева
|b Т. В.
|g Татьяна Васильевна
|
| 801 |
|
1 |
|a RU
|b 63413507
|c 20061113
|g PSBO
|
| 801 |
|
2 |
|a RU
|b 63413507
|c 20210518
|g PSBO
|
| 942 |
|
|
|c BK
|
| 959 |
|
|
|a 90/20061025
|d 3
|e 155,10
|f АНЛ:2
|f ЧЗГЛ:1
|